000 00754nam a22002537a 4500
003 dpl
005 20180801110810.0
008 161004b xxu||||| |||| 00| 0 eng d
010 _aB-031287
020 _c500.00
_a8187317930
035 _aB-031287, B-031288
037 _bCen Lib/Ret
040 _aDPL
_bEN
_cTIT
082 _a025.04
_bADH
100 _aAdhikari, Rajiv
_92894
245 _aLibrary serials automation /
_cby Rajiv Adhikari
260 _aDelhi
_bRajat Publications
_c2000
270 _a4675/21 Ansari Road, Darya Ganj
_bDelhi
_e110002
300 _avi,279p
_c22cm(Hb)
500 _aIncludes index
650 _aLibrary Science
_9138783
650 _aLibrary Automation
_9138784
942 _2ddc
_cEN
_h025.04
_mADH
999 _c122889
_d122889